NHL Norris Trophy Winners - Statistics

General Stats
  • This quiz has been taken 5,455 times
    4,356 since last reset
  • The average score is 35 of 62
Answer Stats
Year Answer % Correct
1968 Bobby Orr
91%
1969 Bobby Orr
91%
1970 Bobby Orr
91%
1971 Bobby Orr
91%
1972 Bobby Orr
91%
1973 Bobby Orr
91%
1974 Bobby Orr
91%
1975 Bobby Orr
91%
2001 Niklas Lidstrom
81%
2002 Niklas Lidstrom
81%
2003 Niklas Lidstrom
81%
2006 Niklas Lidstrom
81%
2007 Niklas Lidstrom
81%
2008 Niklas Lidstrom
81%
2011 Niklas Lidstrom
81%
2012 Erik Karlsson
78%
2015 Erik Karlsson
78%
1985 Paul Coffey
72%
1986 Paul Coffey
72%
1995 Paul Coffey
72%
1987 Raymond Bourque
72%
1988 Raymond Bourque
72%
1990 Raymond Bourque
72%
1991 Raymond Bourque
72%
1994 Raymond Bourque
72%
2016 Drew Doughty
70%
2010 Duncan Keith
67%
2014 Duncan Keith
67%
2013 PK Subban
63%
2000 Chris Pronger
60%
2009 Zdeno Chara
60%
2004 Scott Niedermayer
53%
1989 Chris Chelios
49%
1993 Chris Chelios
49%
1996 Chris Chelios
49%
1992 Brian Leetch
48%
1997 Brian Leetch
48%
1977 Larry Robinson
48%
1980 Larry Robinson
48%
1976 Denis Potvin
47%
1978 Denis Potvin
47%
1979 Denis Potvin
47%
1999 Al MacInnis
45%
1998 Rob Blake
35%
1955 Doug Harvey
33%
1956 Doug Harvey
33%
1957 Doug Harvey
33%
1958 Doug Harvey
33%
1960 Doug Harvey
33%
1961 Doug Harvey
33%
1962 Doug Harvey
33%
1983 Rod Langway
21%
1984 Rod Langway
21%
1982 Doug Wilson
18%
1963 Pierre Pilote
18%
1964 Pierre Pilote
18%
1965 Pierre Pilote
18%
1954 Red Kelly
18%
1981 Randy Carlyle
17%
1959 Tom Johnson
15%
1967 Harry Howell
12%
1966 Jacques Laperriere
11%
No matching quizzes found
Score Distribution
Percent of People with Each Score
Percentile by Number Answered
Your Score History
You have not taken this quiz since the last reset